000
00270nam a2200121 4500
999
_c
10775
_d
10775
003
OSt
005
20220708142040.0
008
220708b ||||| |||| 00| 0 eng d
100
_a
l Krcindlin
245
_a
Woodworking
260
_a
Moslow
_b
MIR Publishers
942
_2
ddc